000 00601cam a2200181 i 4500
999 _c58403
_d58403
001 18827591
005 20220118125422.0
008 151022s2016 enka 000 0 eng
020 _a9781138776401
041 _aeng
080 _a372.2 T-44
245 1 4 _aThe early years handbook for students and practitioners :
_ban essential guide for the foundation degree and levels 4 and 5 /
_cedited by Lyn Trodd.
264 1 _aLondon ;
_bRoutledge,
_c2016.
300 _a520 pages :
_billustrations ;
_c26 cm.
653 _aპედაგოგიკა
700 0 _aTrodd, Lyn.
_913403
942 _2udc
_cBK